02270nab a2200313 i 4500003000900000005001700009008004100026040001800067072001400085072000800099100002600107100002500133100002400158100003000182100002600212100003000238245010700268500009300375520109700468650002101565650001701586650001301603650001601616650002601632773019001658856008101848942000801929999001901937BR-BrBNA20260407052039.0260407b2019 bl.qr|pooa||| 00| 0 eng | aBR-BrBNAbeng aK10b3105 aP40 aMarcon, Amanda Koche  aLonghi-Santos, Tomaz aGalvão, Franklin  aMartins, Kelly Geronazzo  aBotosso, Paulo Cesar  aBlum, Christopher Thomas  aClimatic Response of Cedrela fissilis Radial Growth in the Ombrophilous Mixed Forest, Paraná, Brazil aPublicação on-line; Bibliography p. 9-12 (79 ref.); 3 tables; 5 illus.; Summary (En) a ABSTRACT We examined the climatic response of Cedrela fissilis radial growth based on precipitation, air relative humidity, temperature and monthly thermal amplitude. It was intended to assess how the secondary growth of C. fissilis is influenced by the climatic variables and which one are the best growth predictors in Ombrophilous Mixed Forest, southern Brazil. Wood cores were processed using classical dendrochronology methodology. Principal Components Analysis, Generalized Linear Models and correlation were used to explore the relationship between radial growth and climate. Our results indicated that the best radial growth predictor is the temperature: the seasonal behavior, under well-watered conditions, seems to have a dominant effect on growth responses. Changes in tree growth corresponding to an increase in temperatures suggest a sensitivity of the species to climate changes. These results are important to help understand how the global warming may influence long-lived pioneer tree growth. Keywords: dendrochronology; climate changes; dendroecology; Araucaria forest. aCEDRELA FISSILIS aDENDROMETRIA aFLORESTA aARAUCÁRIA aMUDANÇA CLIMÁTICA0 029299347952dRio de Janeiro-RJ Instituto de Florestas - UFRRJ 1994o2025-0451tFloresta e Ambiente (Brazil)x1415-0980 / ISSN 2179-8087 0nlinegv. 26(3) p. 1-12; (2019)wBR2026000294 uhttps://www.scielo.br/j/floram/a/CB6P7sHqRKwTcB5WpRynrmd/?format=pdf&lang=en cANA c341257d341257